Rapports sur la marche du Service des antiquités de 1899 à 1910 /

Saved in:

Corporate Author: Egypt. Maṣlaḥat al-Āthār

Format: Book

Language: French

Published: Le Caire : Imp. nationale, 1912.

Subjects:

Tags: Add Tag

No Tags, Be the first to tag this record!

Call Number: DT57 .S49 1912

LEADER 00832namaa2200253 4500
001 19067
003 OSt
005 20260422083551.0
008 130303s1912 ua 000 0 fre d
010 |a 38036391 
040 |c ARCE Library 
043 |a f-ua--- 
050 4 |a DT57 .S49 1912 
110 1 |6 880-01  |a Egypt.  |b Maṣlaḥat al-Āthār, 
245 1 0 |a Rapports sur la marche du Service des antiquités de 1899 à 1910 /   |c Gouvernement Égyptien. 
264 1 |a Le Caire :   |b Imp. nationale,   |c 1912. 
300 |a xliv, 342 pages ;   |c 29 cm. 
500 |a At head of title: Gouvernement égyptien. 
500 |a Annual reports with continuous pagination. Issued also separately. 
651 0 |a Egypt  |x Antiquities. 
880 1 |6 110-01/(3/r  |a مصر.   |b مصلحة الآثار 
901 |a reviewed 
942 |c BK  |2 lcc 
999 |c 16087  |d 16087